Mensaje espiritual / (Record no. 85714)

MARC details
000 -LEADER
campo de control de longitud fija 00960nam a2200265 i 4500
001 - NÚMERO DE CONTROL
campo de control 85714
003 - IDENTIFICADOR DE NÚMERO DE CONTROL
campo de control ES-MaACL
005 - FECHA Y HORA DE LA ÚLTIMA TRANSACCIÓN
campo de control 20230906175306.0
007 - CAMPO FIJO DE DESCRIPCIÓN FÍSICA--INFORMACIÓN GENERAL
campo de control de longitud fija t|
008 - DATOS DE LONGITUD FIJA--INFORMACIÓN GENERAL
campo de control de longitud fija 041130s1969 sp ||||1| spa d
080 ## - NÚMERO DE LA CLASIFICACIÓN DECIMAL UNIVERSAL
Número de la Clasificación Decimal Universal 27(081) Juan XXIII. Papa
100 0# - ENTRADA PRINCIPAL--NOMBRE DE PERSONA
Nombre de persona Juan
Numeración XIII
Títulos y otros términos asociados al nombre Papa, Santo.
9 (RLIN) 67136
245 10 - MENCIÓN DEL TÍTULO
Título Mensaje espiritual /
Mención de responsabilidad, etc. Juan XXIII ; recopilación sistemática de 914 pasajes de su legado doctrinal por Jesús María Bermejo.
260 ## - PUBLICACIÓN, DISTRIBUCIÓN, ETC.
Lugar de publicación, distribución, etc. Madrid :
Nombre del editor, distribuidor, etc. [La Editorial Católica],
Fecha de publicación, distribución, etc. 1969.
300 ## - DESCRIPCIÓN FÍSICA
Extensión X, 231, [14] p. ;
Dimensiones 18 cm.
490 1# - MENCIÓN DE SERIE
Mención de serie Biblioteca de autores cristianos. Ediciones de bolsillo ;
Designación de volumen o secuencia 12
500 ## - NOTA GENERAL
Nota general Índice.
655 #7 - TERMINO DE INDIZACIÓN--GENERO/FORMA
Fuente del término tgfbne
9 (RLIN) 226879
Datos o término principal de género/forma Encíclicas
700 1# - ENTRADA AGREGADA--NOMBRE PERSONAL
Nombre de persona Bermejo, Jesús.
9 (RLIN) 28087
830 0# - PUNTO DE ACCESO ADICIONAL DE SERIE-TÍTULO UNIFORME
Título uniforme Biblioteca de autores cristianos. Ediciones de bolsillo ;
Designación de volumen o secuencia 12
9 (RLIN) 182549
852 ## - LOCALIZACIÓN
Ubicación ES-MaACL
Número de control de estantería C-53555
itemnumber R.72923
852 ## - LOCALIZACIÓN
Ubicación ES-MaACL
Número de control de estantería E-13479
Signatura antigua Olim: P-1255
942 ## - ELEMENTOS DE ENTRADA SECUNDARIOS (KOHA)
Fuente del sistema de clasificación o colocación Clasificación decimal universal
Holdings
Estatus retirado Estado de pérdida Fuente del sistema de clasificación o colocación Estado de daño Restricciones de uso No para préstamo Biblioteca de origen Biblioteca actual Ubicación en estantería Fecha de adquisición Total de préstamos Signatura topográfica completa Código de barras Visto por última vez Precio de reemplazo Tipo de ítem Koha Fuente de adquisición
    Clasificación decimal universal   Duplicado   Biblioteca del Ateneo de Madrid Biblioteca del Ateneo de Madrid Depósito 2 10/11/2010   E-13479 1184374 23/02/2023 23/02/2023 Libro impreso  
            Biblioteca del Ateneo de Madrid Biblioteca del Ateneo de Madrid Depósito 2 17/01/2008   C-53555 1089564 23/02/2023 23/02/2023 Libro impreso